[Event "Ulaanbaatar (Women)"]
[Site "Ulaanbaatar"]
[Date "2016.03.19"]
[Round "6"]
[White "Uuriintuya, Uurtsaikh"]
[Black "Ivakhinova, Inna"]
[Result "0-1"]
[WhiteElo "2255"]
[BlackElo "2278"]
[PlyCount "60"]
[EventDate "2016.03.14"]
[EventType "tourn"]
[EventRounds "7"]
[EventCountry "MGL"]
[SourceTitle "EXT 2017"]
[Source "ChessBase"]
[SourceDate "2016.10.25"]
[SourceVersion "1"]
[SourceVersionDate "2016.10.25"]
[SourceQuality "1"]

1. e4 e5 2. Nf3 Nc6 3. Bc4 Bc5 4. c3 Nf6 5. d3 0-0 6. Bb3 d5 7. Qe2 a5 8. Bg5 dxe4 9. dxe4 a4 10. Bc4 h6 11. Bh4 Qd6 12. 0-0 Nh5 13. Rd1 Qg6 14. Qe1 Bh3 15. Bf1 Nf4 16. Bg3 Bg4 17. Nbd2 Rfd8 18. b4 axb3 19. axb3 Rxa1 20. Rxa1 Qf6 21. Kh1 g5 22. b4 Bb6 23. h4 Nh5 24. Bc4 Nxg3+ 25. fxg3 Ne7 26. Qf1 gxh4 27. gxh4 Rxd2 28. Bxf7+ Kg7 29. Bc4 Rf2 30. Nh2 Rxf1+ 0-1

[Event "Buryatia-ch Superfinal 2nd"]
[Site "Ulan-Ude"]
[Date "2014.01.06"]
[Round "3"]
[White "Ivakhinova, Inna"]
[Black "Pushkarev, Dmitry"]
[Result "1/2-1/2"]
[WhiteElo "2316"]
[BlackElo "2406"]
[PlyCount "30"]
[EventDate "2014.01.05"]
[EventType "swiss"]
[EventRounds "9"]
[EventCountry "RUS"]
[SourceTitle "EXT 2015"]
[Source "ChessBase"]
[SourceDate "2014.11.20"]
[SourceVersion "1"]
[SourceVersionDate "2014.11.20"]
[SourceQuality "1"]

1. d4 d5 2. c4 e6 3. Nf3 Nf6 4. Nc3 Be7 5. Bf4 0-0 6. e3 Nbd7 7. Qc2 a6 8. cxd5 exd5 9. Be2 c5 10. 0-0 b5 11. dxc5 Nxc5 12. Rfd1 Be6 13. b4 Nce4 14. Nxe4 Nxe4 15. Qb2 Bf6 1/2-1/2

[Event "Chennai op (Women)"]
[Site "Chennai"]
[Date "2013.11.12"]
[Round "9"]
[White "Ivakhinova, Inna"]
[Black "Drljevic, Ljilja"]
[Result "1-0"]
[WhiteElo "2315"]
[BlackElo "2181"]
[PlyCount "77"]
[EventDate "2013.11.06"]
[EventType "swiss"]
[EventRounds "11"]
[EventCountry "IND"]
[SourceTitle "EXT 2014"]
[Source "ChessBase"]
[SourceDate "2013.11.20"]
[SourceVersion "1"]
[SourceVersionDate "2013.11.20"]
[SourceQuality "1"]

1. d4 Nf6 2. c4 d6 3. Nf3 g6 4. Nc3 Bg7 5. e4 0-0 6. Be2 Na6 7. 0-0 e5 8. Be3 Ng4 9. Bg5 Qe8 10. dxe5 dxe5 11. h3 h6 12. Bc1 Nf6 13. Be3 c6 14. c5 Qe7 15. Bxa6 bxa6 16. Qa4 Bb7 17. Nd2 Ne8 18. Nc4 f5 19. f3 Rf7 20. Na5 f4 21. Bf2 Rc8 22. Rad1 g5 23. Rd3 Bf6 24. Rfd1 Qc7 25. R1d2 Rb8 26. b4 h5 27. a3 g4 28. fxg4 hxg4 29. hxg4 Bg5 30. Rd1 Qc8 31. Qb3 Kg7 32. Rh3 Re7 33. Qc4 Rc7 34. Qe2 Qe6 35. Bh4 Bxh4 36. Rxh4 Qe7 37. g5 Qf7 38. g6 Qg8 39. Rh7+ 1-0

[Event "Chigorin Memorial 21st"]
[Site "St Petersburg"]
[Date "2013.10.13"]
[Round "9"]
[White "Ivakhinova, Inna"]
[Black "Yudkevich, Mikhail"]
[Result "1-0"]
[WhiteElo "2312"]
[BlackElo "2121"]
[PlyCount "57"]
[EventDate "2013.10.05"]
[EventType "swiss"]
[EventRounds "9"]
[EventCountry "RUS"]
[SourceTitle "CBM 156 Extra"]
[Source "ChessBase"]
[SourceDate "2013.10.22"]
[SourceVersion "1"]
[SourceVersionDate "2013.10.22"]
[SourceQuality "1"]

1. d4 d5 2. c4 c6 3. Nf3 e6 4. Qc2 Nf6 5. Nbd2 Nbd7 6. g3 b6 7. Bg2 Bb7 8. 0-0 Be7 9. e4 0-0 10. e5 Ne8 11. Re1 Rc8 12. cxd5 cxd5 13. Qb3 Ba6 14. Nf1 Qc7 15. Ne3 Qb7 16. Bd2 Nb8 17. Bb4 Bxb4 18. Qxb4 Bd3 19. Nh4 Nc6 20. Qd2 Bg6 21. f4 Be4 22. Bxe4 dxe4 23. d5 Qd7 24. Rad1 exd5 25. Nxd5 Kh8 26. Qe3 Qe6 27. Qxe4 f5 28. exf6 Qxe4 29. fxg7+ 1-0

[Event "Chigorin Memorial 21st"]
[Site "St Petersburg"]
[Date "2013.10.11"]
[Round "7"]
[White "Ivakhinova, Inna"]
[Black "Sivuk, Vitaly"]
[Result "0-1"]
[WhiteElo "2312"]
[BlackElo "2517"]
[PlyCount "168"]
[EventDate "2013.10.05"]
[EventType "swiss"]
[EventRounds "9"]
[EventCountry "RUS"]
[SourceTitle "CBM 156 Extra"]
[Source "ChessBase"]
[SourceDate "2013.10.22"]
[SourceVersion "1"]
[SourceVersionDate "2013.10.22"]
[SourceQuality "1"]

1. d4 f5 2. Nf3 g6 3. g3 Bg7 4. Bg2 Nf6 5. 0-0 0-0 6. b3 d6 7. Bb2 Qe8 8. c4 Na6 9. Nbd2 h6 10. Qc2 g5 11. e4 fxe4 12. Nxe4 Qh5 13. Nxf6+ Rxf6 14. Nd2 Bf5 15. Qc3 c6 16. b4 Raf8 17. b5 Nb8 18. Qe3 R6f7 19. Nb3 Bh3 20. Rae1 Bxg2 21. Kxg2 Nd7 22. bxc6 bxc6 23. h3 Qg6 24. Re2 Nb6 25. Na5 Rc8 26. Rfe1 Qf5 27. Qd2 Rc7 28. Rc1 Nd7 29. Nb3 h5 30. Rce1 Nb6 31. Qc2 Qxc2 32. Rxc2 Bf6 33. c5 Nd5 34. cxd6 exd6 35. Ba3 Rfd7 36. Re6 Be7 37. Re1 Rd8 38. Rec1 Rdc8 39. Kf3 Kf7 40. Ke2 Ke6 41. Kd3 Kd7 42. Ke2 h4 43. Na5 Bf6 44. Kd3 Bg7 45. Nc4 Bf8 46. Rg1 Re8 47. Re2 Rcc8 48. Ne3 hxg3 49. fxg3 Nxe3 50. Rxe3 Rxe3+ 51. Kxe3 Bg7 52. Rb1 Rc7 53. Ke4 Ke6 54. Rf1 Rb7 55. Rc1 Kd7 56. Rf1 Ke7 57. Rf5 Rb1 58. Rxg5 Re1+ 59. Kd3 Bf6 60. Ra5 Rd1+ 61. Kc2 Rxd4 62. Rxa7+ Ke6 63. Bb2 Rc4+ 64. Kd3 d5 65. Bxf6 Kxf6 66. Ra8 Ke5 67. Re8+ Kd6 68. Rd8+ Kc5 69. Ra8 Rc1 70. Ra3 Rg1 71. Rc3+ Kd6 72. Kc2 c5 73. g4 c4 74. Rf3 Kc5 75. Rf5 Rg2+ 76. Kb1 c3 77. a4 Kc4 78. a5 Kb3 79. Rf1 d4 80. a6 d3 81. a7 Rb2+ 82. Kc1 Ra2 83. Kb1 c2+ 84. Kc1 Kc3 0-1

[Event "Chigorin Memorial 21st"]
[Site "St Petersburg"]
[Date "2013.10.06"]
[Round "2"]
[White "Popov, Valerij"]
[Black "Ivakhinova, Inna"]
[Result "1-0"]
[WhiteElo "2548"]
[BlackElo "2312"]
[PlyCount "69"]
[EventDate "2013.10.05"]
[EventType "swiss"]
[EventRounds "9"]
[EventCountry "RUS"]
[SourceTitle "CBM 156 Extra"]
[Source "ChessBase"]
[SourceDate "2013.10.22"]
[SourceVersion "1"]
[SourceVersionDate "2013.10.22"]
[SourceQuality "1"]

1. c4 c6 2. Nf3 d5 3. g3 Nf6 4. Bg2 dxc4 5. 0-0 Nbd7 6. Na3 Nb6 7. Qc2 Be6 8. Ng5 Bg4 9. Nxc4 Nxc4 10. Qxc4 e6 11. e4 Bh5 12. d4 Be7 13. Nh3 Bg6 14. Re1 Qa5 15. Re2 Rd8 16. Bd2 Qb6 17. Bc3 0-0 18. Nf4 Rd7 19. h4 c5 20. e5 cxd4 21. exf6 gxf6 22. Rd1 Rfd8 23. Nxg6 hxg6 24. Qa4 Kg7 25. b3 Qc5 26. Bd2 b5 27. Qa5 d3 28. Ree1 b4 29. Qxc5 Bxc5 30. Rc1 Bb6 31. Rc6 e5 32. Bxb4 d2 33. Rd1 f5 34. Rc2 a5 35. Bc3 1-0

[Event "RUS-ch Higher League (Women) 63rd"]
[Site "Ekaterinburg"]
[Date "2013.06.28"]
[Round "8"]
[White "Goryachkina, Aleksandra"]
[Black "Ivakhinova, Inna"]
[Result "1/2-1/2"]
[WhiteElo "2401"]
[BlackElo "2291"]
[PlyCount "80"]
[EventDate "2013.06.20"]
[EventType "swiss"]
[EventRounds "9"]
[EventCountry "RUS"]
[SourceTitle "CBM 155 Extra"]
[Source "ChessBase"]
[SourceDate "2013.08.26"]
[SourceVersion "1"]
[SourceVersionDate "2013.08.26"]
[SourceQuality "1"]

1. d4 d5 2. c4 c6 3. Nc3 Nf6 4. e3 e6 5. Nf3 Nbd7 6. Bd3 dxc4 7. Bxc4 b5 8. Bd3 a6 9. a4 b4 10. Ne4 c5 11. 0-0 Bb7 12. Nxf6+ Nxf6 13. a5 Be7 14. dxc5 0-0 15. Qe2 Qd5 16. Rd1 Qh5 17. e4 Ng4 18. h3 Ne5 19. Be3 Nxd3 20. Qxd3 Bxc5 21. Bxc5 Qxc5 22. Rdc1 Qe7 23. Ne5 Rad8 24. Qe3 Qd6 25. Nc4 Qd4 26. Qxd4 Rxd4 27. f3 Bc6 28. Ne3 Bb5 29. Rd1 Rxd1+ 30. Rxd1 Rc8 31. Rd4 Kf8 32. Rxb4 Rc1+ 33. Kf2 Ra1 34. Nc4 Bxc4 35. Rxc4 Rxa5 36. Rc8+ Ke7 37. Rc7+ Kf6 38. Ra7 Ra2 39. Kg3 Rxb2 40. Rxa6 Rc2 1/2-1/2

[Event "RUS-ch Higher League (Women) 63rd"]
[Site "Ekaterinburg"]
[Date "2013.06.24"]
[Round "5"]
[White "Ivakhinova, Inna"]
[Black "Rodionova, Daria"]
[Result "1-0"]
[WhiteElo "2291"]
[BlackElo "2109"]
[PlyCount "99"]
[EventDate "2013.06.20"]
[EventType "swiss"]
[EventRounds "9"]
[EventCountry "RUS"]
[SourceTitle "CBM 155 Extra"]
[Source "ChessBase"]
[SourceDate "2013.08.26"]
[SourceVersion "1"]
[SourceVersionDate "2013.08.26"]
[SourceQuality "1"]

1. d4 Nf6 2. c4 g6 3. Nc3 d5 4. Nf3 Bg7 5. Bf4 0-0 6. e3 c5 7. dxc5 Ne4 8. Rc1 Nd7 9. cxd5 Qa5 10. Qc2 Nxc3 11. bxc3 Nxc5 12. e4 Bd7 13. Bd2 Qa3 14. Be2 Rfc8 15. 0-0 Na4 16. c4 Bb2 17. Rb1 b5 18. Bc1 Bxc1 19. Rfxc1 bxc4 20. Ne5 Be8 21. Nxc4 Qc5 22. Qd2 Rab8 23. Rxb8 Rxb8 24. Bd1 Qb5 25. g3 Nc5 26. Qd4 Qb4 27. Bc2 Nd7 28. Rb1 Qc5 29. Qxc5 Rxb1+ 30. Bxb1 Nxc5 31. Bc2 Bb5 32. Nd2 Kf8 33. f4 Ke8 34. Kf2 Kd7 35. Ke3 f6 36. Kd4 Nb7 37. e5 f5 38. Nf3 Kc8 39. Ng5 h6 40. Ne6 Bd7 41. Nf8 Be8 42. g4 fxg4 43. Bxg6 Bxg6 44. Nxg6 Kd8 45. f5 Kd7 46. d6 exd6 47. e6+ Ke8 48. f6 Nd8 49. Kd5 Nf7 50. Nf4 1-0

[Event "RUS-ch Higher League (Women) 63rd"]
[Site "Ekaterinburg"]
[Date "2013.06.22"]
[Round "3"]
[White "Ivakhinova, Inna"]
[Black "Bodnaruk, Anastasia"]
[Result "0-1"]
[WhiteElo "2291"]
[BlackElo "2440"]
[PlyCount "72"]
[EventDate "2013.06.20"]
[EventType "swiss"]
[EventRounds "9"]
[EventCountry "RUS"]
[SourceTitle "CBM 155 Extra"]
[Source "ChessBase"]
[SourceDate "2013.08.26"]
[SourceVersion "1"]
[SourceVersionDate "2013.08.26"]
[SourceQuality "1"]

1. d4 Nf6 2. c4 g6 3. Nf3 Bg7 4. g3 0-0 5. Bg2 d6 6. Nc3 Nc6 7. 0-0 a6 8. Bf4 h6 9. Qc1 g5 10. Bd2 e5 11. dxe5 dxe5 12. Rd1 Bd7 13. h4 g4 14. Ne1 Kh7 15. Qc2+ Kh8 16. Bxc6 bxc6 17. Na4 Qc8 18. e4 c5 19. Nc3 Be6 20. b3 Nd7 21. Be3 f5 22. exf5 Bxf5 23. Qd2 Kh7 24. Nd3 e4 25. Nxc5 Ne5 26. Qc2 Qe8 27. Rd5 c6 28. Rdd1 Nd3 29. N5a4 Rd8 30. Rab1 Bg6 31. Qe2 Rf3 32. Kg2 Bd4 33. Bxd4 Rxd4 34. Rf1 Qe5 35. Rbd1 e3 36. Nb2 Nxf2 0-1

[Event "SibFO-ch op (Women)"]
[Site "Novokuznetsk"]
[Date "2013.03.25"]
[Round "5"]
[White "Ivakhinova, Inna"]
[Black "Petrukhina, Irina"]
[Result "1-0"]
[WhiteElo "2270"]
[BlackElo "2222"]
[PlyCount "89"]
[EventDate "2013.03.21"]
[EventType "swiss"]
[EventRounds "9"]
[EventCountry "RUS"]
[SourceTitle "CBM 153 Extra"]
[Source "ChessBase"]
[SourceDate "2013.04.22"]
[SourceVersion "1"]
[SourceVersionDate "2013.04.22"]
[SourceQuality "1"]

1. d4 Nf6 2. c4 g6 3. Nc3 d5 4. cxd5 Nxd5 5. Bd2 Bg7 6. e4 Nxc3 7. Bxc3 0-0 8. Nf3 Nd7 9. Bd3 Nb6 10. Rc1 Be6 11. 0-0 Qd6 12. a4 a5 13. h3 Bd7 14. b3 f5 15. e5 Qd5 16. Ba1 Bc6 17. Bb2 Qd7 18. Ba3 Rfe8 19. Qe2 Bd5 20. Nd2 e6 21. Bb5 c6 22. Bd3 Bh6 23. Rc3 Rad8 24. Rd1 Nc8 25. Nc4 Bxc4 26. Bxc4 Nb6 27. Bc5 Nd5 28. Bxd5 Qxd5 29. Bb6 Rd7 30. Qc2 Bf8 31. Bc5 Bg7 32. Rcd3 Qe4 33. Qc3 Rd5 34. f3 Qe2 35. Re1 Qa2 36. Rd2 Rxc5 37. dxc5 Qa3 38. Ra1 Qb4 39. Qxb4 axb4 40. f4 Bf8 41. Rc1 Rb8 42. Rd4 Ra8 43. Rxb4 Ra5 44. Rxb7 Bxc5+ 45. Kf1 1-0

[Event "SibFO-ch op (Women)"]
[Site "Novokuznetsk"]
[Date "2013.03.24"]
[Round "4"]
[White "Avdeenko, Tatiana"]
[Black "Ivakhinova, Inna"]
[Result "0-1"]
[WhiteElo "2108"]
[BlackElo "2270"]
[PlyCount "72"]
[EventDate "2013.03.21"]
[EventType "swiss"]
[EventRounds "9"]
[EventCountry "RUS"]
[SourceTitle "CBM 153 Extra"]
[Source "ChessBase"]
[SourceDate "2013.04.22"]
[SourceVersion "1"]
[SourceVersionDate "2013.04.22"]
[SourceQuality "1"]

1. e4 c5 2. Nc3 Nc6 3. Bb5 Nd4 4. Bc4 e6 5. Nf3 Nf6 6. 0-0 a6 7. Bb3 d6 8. d3 Nxb3 9. axb3 Be7 10. e5 dxe5 11. Nxe5 0-0 12. Qf3 Nd5 13. Bd2 Nb4 14. Rfc1 f6 15. Nc4 Rb8 16. Qg3 Nc6 17. Be3 e5 18. f4 b5 19. Nd2 Bb7 20. fxe5 fxe5 21. Nde4 Nd4 22. Qxe5 Rf5 23. Qg3 b4 24. Bxd4 Qxd4+ 25. Kh1 Rbf8 26. Ne2 Qxb2 27. Qc7 Bxe4 28. dxe4 R5f7 29. Rab1 Qf6 30. e5 Qe6 31. Ng3 Bg5 32. Qxc5 Bxc1 33. Rxc1 Rc8 34. Qxb4 Qxe5 35. Re1 a5 36. c4 Qxg3 0-1

[Event "SibFO-ch op (Women)"]
[Site "Novokuznetsk"]
[Date "2013.03.23"]
[Round "3"]
[White "Ivakhinova, Inna"]
[Black "Trapeznikova, Darya"]
[Result "1-0"]
[WhiteElo "2270"]
[BlackElo "2074"]
[PlyCount "55"]
[EventDate "2013.03.21"]
[EventType "swiss"]
[EventRounds "9"]
[EventCountry "RUS"]
[SourceTitle "CBM 153 Extra"]
[Source "ChessBase"]
[SourceDate "2013.04.22"]
[SourceVersion "1"]
[SourceVersionDate "2013.04.22"]
[SourceQuality "1"]

1. d4 Nf6 2. Nf3 g6 3. g3 Bg7 4. Bg2 d6 5. 0-0 0-0 6. a4 a5 7. b3 Nc6 8. Bb2 Nd7 9. e4 e5 10. Na3 b6 11. Re1 Ba6 12. Qd2 Qe8 13. Rad1 Rd8 14. dxe5 Ndxe5 15. Nd4 Nxd4 16. Bxd4 c5 17. Ba1 f6 18. Qd5+ Qf7 19. Bxe5 fxe5 20. Qxf7+ Kxf7 21. Bf1 Bxf1 22. Kxf1 Ke6 23. Nc4 d5 24. exd5+ Rxd5 25. Rxd5 Kxd5 26. Nxb6+ Kd4 27. Re3 e4 28. c3+ 1-0

[Event "SibFO-ch op (Women)"]
[Site "Novokuznetsk"]
[Date "2013.03.21"]
[Round "1"]
[White "Ivakhinova, Inna"]
[Black "Khungueva, Olga"]
[Result "1-0"]
[WhiteElo "2270"]
[BlackElo "2002"]
[PlyCount "91"]
[EventDate "2013.03.21"]
[EventType "swiss"]
[EventRounds "9"]
[EventCountry "RUS"]
[SourceTitle "CBM 153 Extra"]
[Source "ChessBase"]
[SourceDate "2013.04.22"]
[SourceVersion "1"]
[SourceVersionDate "2013.04.22"]
[SourceQuality "1"]

1. d4 d5 2. c4 e6 3. Nf3 c6 4. Qc2 Nf6 5. Nbd2 Nbd7 6. g3 Bd6 7. Bg2 0-0 8. 0-0 Re8 9. b3 Rb8 10. Bb2 Nf8 11. e4 dxe4 12. Nxe4 Nxe4 13. Qxe4 Be7 14. d5 Bd7 15. d6 Bf6 16. Bxf6 Qxf6 17. Ne5 Qd8 18. c5 f6 19. Nd3 e5 20. b4 Be6 21. Qe3 Qd7 22. f4 exf4 23. Qxf4 Ng6 24. Qd4 Bh3 25. Bxh3 Qxh3 26. Rfe1 Qd7 27. Rad1 Rbd8 28. a4 a6 29. Kg2 Kh8 30. Nb2 Ne5 31. Nc4 Nxc4 32. Qxc4 f5 33. Qd4 Re6 34. Rxe6 Qxe6 35. Kf2 Re8 36. Qd2 f4 37. Re1 fxg3+ 38. hxg3 Rf8+ 39. Kg2 Qf5 40. d7 Qf3+ 41. Kh2 Qh5+ 42. Kg1 Qf3 43. Re8 Qxg3+ 44. Qg2 Qf4 45. Rxf8+ Qxf8 46. Qg5 1-0

[Event "Buryatia-ch"]
[Site "Ulan-Ude"]
[Date "2013.01.05"]
[Round "5"]
[White "Badmatsyrenov, Oleg"]
[Black "Ivakhinova, Inna"]
[Result "1/2-1/2"]
[WhiteElo "2468"]
[BlackElo "2262"]
[PlyCount "48"]
[EventDate "2013.01.02"]
[EventType "swiss"]
[EventRounds "9"]
[EventCountry "RUS"]
[SourceTitle "CBM 152 Extra"]
[Source "ChessBase"]
[SourceDate "2013.02.25"]
[SourceVersion "1"]
[SourceVersionDate "2013.02.25"]
[SourceQuality "1"]

1. d4 d5 2. c4 c6 3. Nc3 Nf6 4. Nf3 dxc4 5. a4 Bf5 6. Nh4 Bc8 7. Nf3 Bf5 8. Nh4 Bc8 9. e3 e5 10. Bxc4 exd4 11. exd4 Be7 12. 0-0 0-0 13. Re1 Na6 14. Bg5 Nc7 15. Qb3 Nfd5 16. Rxe7 Nxe7 17. Qa3 Re8 18. Ne4 Ne6 19. Nf6+ gxf6 20. Bxf6 Qc7 21. Be5 Qd8 22. Bf6 Qc7 23. Be5 Qd8 24. Bf6 Qc7 1/2-1/2

[Event "Buryatia-ch"]
[Site "Ulan-Ude"]
[Date "2013.01.05"]
[Round "6"]
[White "Shoiyzhininaev, Bato"]
[Black "Ivakhinova, Inna"]
[Result "1-0"]
[WhiteElo "2123"]
[BlackElo "2262"]
[PlyCount "85"]
[EventDate "2013.01.02"]
[EventType "swiss"]
[EventRounds "9"]
[EventCountry "RUS"]
[SourceTitle "CBM 152 Extra"]
[Source "ChessBase"]
[SourceDate "2013.02.25"]
[SourceVersion "1"]
[SourceVersionDate "2013.02.25"]
[SourceQuality "1"]

1. e4 e5 2. Nf3 Nc6 3. Bb5 a6 4. Ba4 Nf6 5. 0-0 Be7 6. Re1 b5 7. Bb3 d6 8. c3 0-0 9. h3 Na5 10. Bc2 c5 11. d4 Nd7 12. Nbd2 exd4 13. cxd4 Nc6 14. dxc5 Nxc5 15. Nb3 Nb4 16. Bb1 Nxb3 17. Qxb3 Nc6 18. Bf4 Be6 19. Qd3 Bc4 20. Qc2 g6 21. Qd2 Qb6 22. Bg5 Bxg5 23. Nxg5 Ne5 24. b3 Be6 25. Bc2 Bd7 26. Kh2 Rad8 27. f4 Nc6 28. Rad1 Bc8 29. f5 Qc5 30. Nf3 Ne5 31. Nd4 Kg7 32. b4 Qc7 33. Kh1 Qe7 34. Bb3 Bb7 35. Rf1 Qh4 36. fxg6 hxg6 37. Rf4 Qh6 38. Qf2 Rde8 39. Qg3 Kg8 40. Nf5 Qh5 41. Re1 Nd3 42. Qxd3 gxf5 43. Qg3+ 1-0

[Event "Paleochora op 5th"]
[Site "Paleochora"]
[Date "2012.07.18"]
[Round "4"]
[White "Pappelis, Dimitrios"]
[Black "Ivakhinova, Inna"]
[Result "1-0"]
[WhiteElo "2042"]
[BlackElo "2306"]
[PlyCount "149"]
[EventDate "2012.07.16"]
[EventType "swiss"]
[EventRounds "9"]
[EventCountry "GRE"]
[SourceTitle "CBM 149 Extra"]
[Source "ChessBase"]
[SourceDate "2012.08.24"]
[SourceVersion "1"]
[SourceVersionDate "2012.08.24"]
[SourceQuality "1"]

1. e4 c5 2. Nf3 d6 3. d4 cxd4 4. Qxd4 Nc6 5. Bb5 Bd7 6. Bxc6 Bxc6 7. Nc3 e5 8. Qd3 h6 9. 0-0 Nf6 10. Nd2 Be7 11. Nc4 0-0 12. Ne3 b5 13. Ncd5 Nxd5 14. Nxd5 Qd7 15. Rd1 Rfd8 16. Be3 Qb7 17. f3 Rac8 18. c3 Bf8 19. Rd2 Bd7 20. Kh1 Bc6 21. g4 g6 22. h4 Bg7 23. h5 g5 24. Rad1 Bf8 25. a3 Kg7 26. Kg2 Be7 27. Kg3 Qd7 28. Qe2 Qb7 29. Qf2 Ra8 30. Rd3 Bf8 31. Qd2 f6 32. Qc2 Rdc8 33. Qb3 Rab8 34. Nxf6 Qf7 35. Qxf7+ Kxf7 36. Nd5 Rb7 37. Bf2 Ke6 38. Ne3 a6 39. Nf5 Rd7 40. Bb6 Rb8 41. Ba5 Ra8 42. R3d2 Bb7 43. Bb4 a5 44. Bxd6 Rad8 45. Bxf8 Rxd2 46. Rxd2 Rxd2 47. Bxh6 Rxb2 48. Bxg5 Rc2 49. h6 Rxc3 50. h7 Rc8 51. Ne7 Rh8 52. Ng6 Rxh7 53. Nf8+ Kf7 54. Nxh7 Kg6 55. Bf6 Kxh7 56. Bxe5 b4 57. axb4 axb4 58. Bb2 Kg6 59. Kf4 b3 60. Ke5 Bc8 61. Bc1 Bd7 62. Kd6 Bc8 63. e5 Kf7 64. Bb2 Be6 65. Kc5 Kg6 66. Bc1 Bc8 67. Kd4 Bb7 68. f4 Bf3 69. f5+ Kf7 70. g5 Bg4 71. Ke4 Ke8 72. e6 Bh3 73. Ke5 Kf8 74. f6 Kg8 75. f7+ 1-0

[Event "Barbera del Valles op 35th"]
[Site "Barbera del Valles"]
[Date "2012.07.11"]
[Round "8"]
[White "Moreno Ruiz, Javier"]
[Black "Ivakhinova, Inna"]
[Result "1-0"]
[WhiteElo "2504"]
[BlackElo "2306"]
[PlyCount "83"]
[EventDate "2012.07.04"]
[EventType "swiss"]
[EventRounds "9"]
[EventCountry "ESP"]
[SourceTitle "CBM 149 Extra"]
[Source "ChessBase"]
[SourceDate "2012.08.24"]
[SourceVersion "1"]
[SourceVersionDate "2012.08.24"]
[SourceQuality "1"]

1. d4 d5 2. c4 c6 3. Nc3 Nf6 4. cxd5 cxd5 5. Bf4 Qb6 6. e3 Qxb2 7. Bb5+ Nc6 8. Nge2 Qb4 9. 0-0 e6 10. Qc2 Bd7 11. Rab1 Qa5 12. Ba4 Nb4 13. Bxd7+ Nxd7 14. Qb3 Nb6 15. a3 Na6 16. Nb5 Be7 17. Nec3 0-0 18. e4 dxe4 19. Bd2 Nd7 20. Nxe4 Qd8 21. Qg3 Bh4 22. Qh3 Be7 23. Qg3 Bh4 24. Qf3 Be7 25. Bf4 b6 26. Rfc1 f5 27. Ned6 g5 28. Qb3 gxf4 29. Qxe6+ Kh8 30. Nf7+ Rxf7 31. Qxf7 Nf6 32. Re1 Ng8 33. Qxf5 Bf6 34. Qxf4 Rc8 35. Nd6 Qd7 36. Nxc8 Qxc8 37. Re4 Qd7 38. Rc1 Bg7 39. Qg4 Qd6 40. Qc8 Qxa3 41. Re8 Qa2 42. d5 1-0

[Event "Barbera del Valles op 35th"]
[Site "Barbera del Valles"]
[Date "2012.07.08"]
[Round "5"]
[White "Ivakhinova, Inna"]
[Black "Iagar, Razvan Gabriel"]
[Result "1/2-1/2"]
[WhiteElo "2306"]
[BlackElo "2154"]
[PlyCount "110"]
[EventDate "2012.07.04"]
[EventType "swiss"]
[EventRounds "9"]
[EventCountry "ESP"]
[SourceTitle "CBM 149 Extra"]
[Source "ChessBase"]
[SourceDate "2012.08.24"]
[SourceVersion "1"]
[SourceVersionDate "2012.08.24"]
[SourceQuality "1"]

1. d4 d5 2. c4 c6 3. Nc3 dxc4 4. a4 Nf6 5. e4 e5 6. dxe5 Qxd1+ 7. Nxd1 Nxe4 8. Bxc4 Bb4+ 9. Ke2 Nd7 10. f4 Nb6 11. Bd3 Nc5 12. Bc2 Be6 13. Bd2 Bxd2 14. Kxd2 0-0-0+ 15. Kc1 Nd3+ 16. Bxd3 Rxd3 17. Nf3 Rhd8 18. Nf2 Rb3 19. Rd1 Rxd1+ 20. Nxd1 Bg4 21. a5 Nd5 22. Nd2 Rb4 23. g3 Bxd1 24. Kxd1 Rxb2 25. Kc1 Rb4 26. Kc2 Rd4 27. Ra3 Nb4+ 28. Kd1 Rd7 29. Ke2 Re7 30. Kf3 Nc2 31. Ra4 Rd7 32. Ne4 Nd4+ 33. Kg4 Nb5 34. Ng5 h6 35. e6 fxe6 36. Nxe6 Nc7 37. Nf8 Rd5 38. Ng6 Kd8 39. f5 c5 40. Nf4 Rd2 41. Kh5 b5 42. axb6 axb6 43. Kg6 b5 44. Ra7 Rd7 45. Nh5 c4 46. Nxg7 c3 47. Ra1 b4 48. Ne6+ Nxe6 49. fxe6 Rb7 50. Kf6 Rb6 51. Kf7 Rxe6 52. Kxe6 c2 53. Kd6 Ke8 54. Ke6 Kd8 55. Kd6 Ke8 1/2-1/2

[Event "Barbera del Valles op 35th"]
[Site "Barbera del Valles"]
[Date "2012.07.05"]
[Round "2"]
[White "Diaz Camallonga, Carles"]
[Black "Ivakhinova, Inna"]
[Result "0-1"]
[WhiteElo "2144"]
[BlackElo "2306"]
[PlyCount "92"]
[EventDate "2012.07.04"]
[EventType "swiss"]
[EventRounds "9"]
[EventCountry "ESP"]
[SourceTitle "CBM 149 Extra"]
[Source "ChessBase"]
[SourceDate "2012.08.24"]
[SourceVersion "1"]
[SourceVersionDate "2012.08.24"]
[SourceQuality "1"]

1. e4 e5 2. Nf3 Nc6 3. Bb5 a6 4. Ba4 Nf6 5. Qe2 Be7 6. 0-0 b5 7. Bb3 0-0 8. Rd1 d6 9. c3 Na5 10. Bc2 c5 11. h3 Qc7 12. d4 Nd7 13. dxe5 dxe5 14. Nbd2 Nf6 15. Nf1 Nc4 16. b3 Nb6 17. Ne3 c4 18. bxc4 Nxc4 19. Nd5 Nxd5 20. exd5 Bb7 21. Ng5 Bxg5 22. Bxg5 f6 23. Be3 f5 24. Bg5 h6 25. Bc1 Qc5 26. Qh5 Rf6 27. Bb3 Rd8 28. Bxc4 Qxc4 29. Ba3 Rxd5 30. Be7 Rf7 31. Bb4 Qc6 32. f3 Qb6+ 33. Kh1 a5 34. Ba3 Qc6 35. Rac1 Qe6 36. Bb2 Rfd7 37. Rxd5 Rxd5 38. Rc2 f4 39. c4 bxc4 40. Qg4 Qb6 41. Rc1 Qc5 42. Qe6+ Kh8 43. Qe8+ Kh7 44. Qe6 Bc6 45. Qf7 Rd2 46. Qxc4 Rd1+ 0-1

[Event "RUS-ch Higher League (Women) 65th"]
[Site "Tiumen"]
[Date "2012.06.25"]
[Round "9"]
[White "Ivakhinova, Inna"]
[Black "Sazonova, Elena"]
[Result "1-0"]
[WhiteElo "2306"]
[BlackElo "2159"]
[PlyCount "83"]
[EventDate "2012.06.16"]
[EventType "swiss"]
[EventRounds "11"]
[EventCountry "RUS"]
[SourceTitle "CBM 149 Extra"]
[Source "ChessBase"]
[SourceDate "2012.08.24"]
[SourceVersion "1"]
[SourceVersionDate "2012.08.24"]
[SourceQuality "1"]

1. d4 Nf6 2. c4 g6 3. Nc3 d5 4. Nf3 Bg7 5. Bf4 0-0 6. e3 c5 7. dxc5 Qa5 8. Rc1 Rd8 9. Qa4 Qxc5 10. b4 Qc6 11. Qb3 Be6 12. Nd4 Qd7 13. Nxe6 fxe6 14. Rd1 Kh8 15. Be2 Nc6 16. 0-0 Rac8 17. Qa3 e5 18. Bg3 d4 19. b5 Qd6 20. c5 Qc7 21. bxc6 dxc3 22. cxb7 Qxb7 23. Ba6 Qc7 24. Bxc8 Rxc8 25. Qxc3 Ne4 26. Qc4 Nxc5 27. Rc1 Bf6 28. Rc2 Qb6 29. Rfc1 Rc7 30. Qd5 e6 31. Qf3 Kg7 32. e4 Rb7 33. h3 Nd7 34. Rc6 Qa5 35. Qe2 Bg5 36. Rd1 Nf8 37. Qa6 Rb5 38. a4 Rc5 39. Qb7+ Kg8 40. Ra6 Rc7 41. Rxa5 Rxb7 42. Bxe5 1-0